000 00489nam a2200145Ia 4500
008 220216s9999 xx 000 0 und d
100 _aBabu Mathew
245 0 _aWatershed based development plan- A strategic factor in water management for plantation crops
260 _bIn: Water Management for Plantation Crops: Problems Crops edited by K V Satheesan p23-26
650 _aWatershed management
700 _aDineshan V P
700 _aJose K I
700 _aVaradan K M
942 _cJS
999 _c72314
_d72314